000 00233 a2200097 4500
001 51287
100 _aAshley H
245 _aEngineering Analysis of Flight Vehicles
260 _aLondon
_bWesley/Dover Pub
_c
090 _c32478
_d32478
942 _aNUST-CAE
_cM
_c24978
999 _c286360
_d286360